000 00859nam a2200289 4500
003 OSt
005 20260530115256.0
008 260506b1997 xxua|||| |||| 00| 0 eng d
040 _aICI
_bspa
_cICI
041 _aeng
050 _aTK5105.888
100 1 _aRay Davids;
_930446
245 1 0 _aWeb Design / Resources Directoiry
_cRay Davis
260 _aIndianapolis, In
_bQue,
_c1997.
264 1 _bLycos MaCMILLAN Publishing Co
_c1997
300 _a350 páginas
336 _atexto
_2rdacontent
337 _asin medio
_2rdamedia
338 _avolumen
_2rdacarrier
502 _aIncluye índice
650 _aDiseño de sitios web
_930447
650 _aInterne
_xDirectorios
_930448
650 _aPáginas web
_xDiseño
_930449
650 _aRecursos de información en Internet
_930450
650 _aWorld Wide Web
_xGuías
_930451
942 _2lcc
_cBK
_n1
999 _c12592
_d12592